| 000 | 00445pab a2200157 454500 | ||
|---|---|---|---|
| 008 | 180718b2014 xxu||||| |||| 00| 0 eng d | ||
| 100 | _aTurner, Neil et al | ||
| 245 | _aAmbidexterity and knowledge strategy in major projects: A framework and illustrative case study | ||
| 260 | _c2014 | ||
| 300 | _ap.44-55. | ||
| 362 | _aOct-Nov | ||
| 650 | _aProject management | ||
| 773 | _aProject Management Journal | ||
| 908 | _aN | ||
| 909 | _a106318 | ||
| 999 |
_c106313 _d106313 |
||